Lee Daniels' The butler / directed by Lee Daniels.
A butler tells the story of a White House who serves eight presidents over three decades. During his tenure as a butler at the White House, the civil rights movement, Vietnam, and other major events affect this man's life, family, and American society.
Record details
- ISBN: 9780107843007
- ISBN: 0107843005
- Physical Description: 1 videodisc (132 minutes) : sound, color ; 4 3/4 inches.
- Edition: Widescreen.
- Publisher: Beverly Hills, California : Weinstein Company Home Entertainment, ©2013.
Content descriptions
| General Note: | The Weinstein Company ; Pamela Oas Williams, Laura Ziskin, Lee Daniels, Buddy Patrick, Cassian Elwes ; written by Danny Strong ; Originally produced as a motion picture in 2013. |
| Formatted Contents Note: | Additional videodisc entitled Mandela: long walk to freedom. Exclusive bonux disc: The making of Mandela |
| Creation/Production Credits Note: | Director of photography, Andrew Dunn ; edited by Joe Klotz. |
| Participant or Performer Note: | Forest Whitaker, Oprah Winfrey, Mariah Carey, John Cusack, Jane Fonda, Cuba Gooding, Jr., Terrence Howard, Lenny Kravitz, James Marsden, David Oyelowo, Alan Rickman, Liev Schreiber, Robin Williams. |
| System Details Note: | DVD; 5.1 Dolby digital (English, French, Spanish); NTSC; region 1; anamorphic widescreen (1.85:1). |
| Terms Governing Use and Reproduction Note: | For private home use only. |
| Language Note: | Soundtrack in English, French, or Spanish; subtitles in English or Spanish. Subtitles for the deaf and hearing impaired (SDH). |
Search for related items by subject
| LDR | 03410cgm a2200769 a 4500 | ||
|---|---|---|---|
| 001 | 136956 | ||
| 003 | CONS | ||
| 005 | 20190114093655.0 | ||
| 008 | 140116s2013 cau132 vleng d | ||
| 007 | vd cvaizq | ||
| 020 | . | ‡a9780107843007 | |
| 020 | . | ‡a0107843005 | |
| 024 | 1 | . | ‡a013132611808 |
| 028 | 4 | 0. | ‡aWC61180 ‡bWeinstein Company Home Entertainment |
| 035 | . | ‡a(CPomAG)LMN565555 | |
| 041 | 1 | . | ‡aeng ‡afre ‡aspa ‡beng ‡bspa ‡heng |
| 043 | . | ‡an-us-dc ‡an-us--- | |
| 050 | 4. | ‡aPN1997.2 ‡b.L44 2013 | |
| 082 | 0 | 4. | ‡a[Fic] ‡223 |
| 245 | 0 | 0. | ‡aLee Daniels' The butler / ‡cdirected by Lee Daniels. |
| 246 | 3 | 0. | ‡aButler |
| 250 | . | ‡aWidescreen. | |
| 260 | . | ‡aBeverly Hills, California : ‡bWeinstein Company Home Entertainment, ‡c©2013. | |
| 300 | . | ‡a1 videodisc (132 minutes) : ‡bsound, color ; ‡c4 3/4 inches. | |
| 336 | . | ‡atwo-dimensional moving image ‡2rdacontent | |
| 337 | . | ‡avideo ‡2rdamedia | |
| 338 | . | ‡avideodisc ‡2rdacarrier | |
| 500 | . | ‡aThe Weinstein Company ; Pamela Oas Williams, Laura Ziskin, Lee Daniels, Buddy Patrick, Cassian Elwes ; written by Danny Strong ; | |
| 500 | . | ‡aOriginally produced as a motion picture in 2013. | |
| 505 | 1 | . | ‡aAdditional videodisc entitled Mandela: long walk to freedom. Exclusive bonux disc: The making of Mandela |
| 508 | . | ‡aDirector of photography, Andrew Dunn ; edited by Joe Klotz. | |
| 511 | 1 | . | ‡aForest Whitaker, Oprah Winfrey, Mariah Carey, John Cusack, Jane Fonda, Cuba Gooding, Jr., Terrence Howard, Lenny Kravitz, James Marsden, David Oyelowo, Alan Rickman, Liev Schreiber, Robin Williams. |
| 520 | . | ‡aA butler tells the story of a White House who serves eight presidents over three decades. During his tenure as a butler at the White House, the civil rights movement, Vietnam, and other major events affect this man's life, family, and American society. | |
| 538 | . | ‡aDVD; 5.1 Dolby digital (English, French, Spanish); NTSC; region 1; anamorphic widescreen (1.85:1). | |
| 540 | . | ‡aFor private home use only. | |
| 546 | . | ‡aSoundtrack in English, French, or Spanish; subtitles in English or Spanish. | |
| 546 | . | ‡aSubtitles for the deaf and hearing impaired (SDH). | |
| 610 | 2 | 0. | ‡aWhite House (Washington, D.C.) ‡xEmployees ‡vDrama. |
| 650 | 0. | ‡aPresidents ‡zUnited States ‡xStaff ‡vDrama. | |
| 650 | 0. | ‡aButlers ‡zUnited States ‡vBiography ‡vDrama. | |
| 650 | 0. | ‡aFeature films. | |
| 650 | 0. | ‡aVideo recordings for the hearing impaired. | |
| 651 | 0. | ‡aUnited States ‡xPolitics and government ‡xHistory ‡vDrama. | |
| 700 | 1 | . | ‡aWhitaker, Forest. |
| 700 | 1 | . | ‡aWinfrey, Oprah. |
| 700 | 1 | . | ‡aCarey, Mariah. |
| 700 | 1 | . | ‡aCusack, John, ‡d1966- |
| 700 | 1 | . | ‡aFonda, Jane, ‡d1937- |
| 700 | 1 | . | ‡aGooding, Cuba, ‡cJr., ‡d1968- |
| 700 | 1 | . | ‡aHoward, Terrence. |
| 700 | 1 | . | ‡aKravitz, Lenny. |
| 700 | 1 | . | ‡aMarsden, James, ‡d1973- |
| 700 | 1 | . | ‡aOyelowo, David. |
| 700 | 1 | . | ‡aRickman, Alan, ‡d1946-2016. |
| 700 | 1 | . | ‡aSchreiber, Liev. |
| 700 | 1 | . | ‡aWilliams, Robin, ‡d1951 July 21- |
| 700 | 1 | . | ‡aWilliams, Pamela Oas. |
| 700 | 1 | . | ‡aZiskin, Laura. |
| 700 | 1 | . | ‡aDaniels, Lee, ‡d1959- |
| 700 | 1 | . | ‡aPatrick, Buddy. |
| 700 | 1 | . | ‡aElwes, Cassian, ‡d1959- |
| 700 | 1 | . | ‡aStrong, Danny, ‡d1974- |
| 710 | 2 | . | ‡aWeinstein Company. |
| 914 | . | ‡aLMN_cm ‡dNAC_as | |
| 959 | . | ‡i32269000937113 ‡lDVD But ‡aAdult - DVD ‡tDVD ‡g20.00 | |
| 852 | . | ‡p32269000937113 ‡jDVD But ‡gAdult - DVD ‡cDVD ‡y20.00 ‡bSBPL | |
| 901 | . | ‡a136956 ‡bUnknown ‡c136956 ‡tbiblio | |